La femme. Ses droits, ses devoirs et ses revendications (Registro nro. 310005)

Detalles MARC
000 -ENCABEZADO
Número de control [NR] 01933nam a2200277 4500
005 - FECHA Y HORA DE LA ÚLTIMA TRANSACCIÓN
control field 20180605090235.0
008 - DE LONGITUD FIJA DE DATOS DE ELEMENTOS - INFORMACIÓN GENERAL
Elementos de longitud fija [NR] 180605s1930 be |||fr|||| 001 0 fre d
040 ## - FUENTE DE CATALOGACION [NR]
Agencia de catalogación original [NR] CO-BoUCM
Idioma de catalogación [NR] spa
Quien Cataloga Sandra Yazo
Quien Clasifica Sandra Yazo
041 0# - CODIGO DE IDIOMA [R]
Código de idioma para texto/pista de sonido o título separado [R] Francés
082 04 - NUMERO DE CLASIFICACION DECIMAL DEWEY [R]
Número de la edición [NR] 20
Número de clasificación [R] 346.013
092 ## - SIGNATURA TOPOGRAFICA LOCAL
Número de clasificación local E46N068
100 1# - ASIENTO PRINCIPAL--NOMBRE PERSONAL [NR]
Nombre personal [NR] Ciselet, Georgette
ID Autoridad 92751
242 03 - TRADUCCION DEL TITULO POR LA AGENCIA CATALOGADORA [R]
Título [NR] La mujer: sus derechos, deberes y reivindicaciones
Parte restante del título [NR] Bosquejo de la situación legal de la mujer en Bélgica y en el extranjero
Código de idioma del título traducido [NR] spa
245 13 - MENCION DE TITULO [NR]
Título [NR] La femme. Ses droits, ses devoirs et ses revendications
Parte restante del título [NR] Esquisse de la situation légale de la femme en Belgique et à l’étranger
260 ## - PUBLICACION, DISTRIBUCION, ETC. (PIE DE IMPRENTA) [R]
Lugar de publicación, distribución, etc. [R] Bruxelles [Bruselas] (Bélgica)
Nombre del editor, distribuidor, etc. [R] L’ Églantine
Fecha de publicación, distribución, etc. [R] 1930
300 ## - DESCRIPCION FISICA [R]
Extensión [R] 215 páginas
Dimensiones [R] 24 x 16 cm.
500 ## - NOTA GENERAL [R]
Nota general [NR] Detalles físicos: Encuadernación rígida (holandesa) en cartón duro forrado en papel jaspeado. Lomo de tela texturizada y adornos en dorado. Guardas. Anteportada. Portada impresa en una sola tinta. Texto impreso en una sola columna, con diferentes tipos y tamaños de letra. Notas de pie de página. Índice. Tapas delantera con raspadura
505 0# - NOTA DE CONTENIDO CON FORMATO PREESTABLECIDO [R]
Nota de contenido con formato preestablecido [NR] Introducción ; Parte 1 - 3: Legislación belga: La mujer y los derechos políticos ; La mujer y el matrimonio ; La mujer y los hijos ; La mujer y el trabajo ; Legislación extranjera: Países latinos ; Países germánicos y Hungría ; Estados nuevos de la Europa Central ; Países escandinavos ; Estados balcánicos ; Países anglosajones ; Estados de América Latina ; Rusia y estados asiáticos ; Crítica de nuestras instituciones ; Abusos e inconvenientes de la legislación belga ; Reivindicaciones feministas ; Nuevos proyectos de ley
506 ## - NOTA DE RESTRICCIONES DE ACCESO [R]
Condiciones de acceso [NR] Consulta en sala
546 ## - NOTA DE IDIOMA [R]
Nota de idioma [NR] Texto en francés
650 #7 - ASIENTO SECUNDARIO DE MATERIA - TERMINO TEMATICO [R]
9 (RLIN) 12869
Término temático o nombre geográfico como elemento de entrada [NR] Derechos de la mujer
650 #7 - ASIENTO SECUNDARIO DE MATERIA - TERMINO TEMATICO [R]
9 (RLIN) 15628
Término temático o nombre geográfico como elemento de entrada [NR] Feminismo
Subdivisión general [R] Legislación
650 #7 - ASIENTO SECUNDARIO DE MATERIA - TERMINO TEMATICO [R]
9 (RLIN) 19882
Término temático o nombre geográfico como elemento de entrada [NR] Mujeres
Subdivisión general [R] Legislación
690 ## - ASUNTO AGREGADO LOCAL DE ENTRADA - TÉRMINO TEMÁTICO (OCLC, RLIN)
Acceso temático local Derecho civil
9 (RLIN) 12711
942 ## - ELEMENTOS DE ENTRADA AGREGADOS (KOHA)
Sistema de clasificación LOCAL
Tipo de ítem principal el descrito en 300a Libro
Edición 1
Clasificación E46N068
Existencias
Suprimido Perdido Sistema de clasificación Dañado No prestable Tipo de ítem específico Ubicación habitual Ubicación actual Localización Fecha de creación Forma de adquisición Total préstamos Signatura topográfica Código de barras Última vez visto Ejemplar Price effective from Tipo de ítem
    LOCAL     Libro archivo Archivo Histórico Archivo Histórico Archivo histórico 05/06/2018 Donación   E46N068 L006628 05/06/2018 Ej.1 05/06/2018 Libro